Statistiques concernant Fairy tail - Guildes

Cliquez ici pour prendre le quiz!

Statistiques générales

  • Ce quiz a été pris 188 fois
  • Le résultat moyen est 14 sur 45

Statistiques - réponses

Guildes% Correct
Fairy Tail
99%
Fairy Tail (Edolas)
99%
Blue Pegasus
86%
Lamia Scale
85%
Sabertooth
79%
Tartaros
69%
Mermaid Heel
66%
Oracion Seis
66%
Grimoire Heart
64%
Raven Tail
63%
Phantom Lord
61%
Quattro Cerberos
51%
Crime Sorcière
46%
Cait Shelter
43%
Twilight Ogre
40%
Eisen Wald
32%
Red Lizard
29%
Avatar
27%
Love & Lucky
26%
Sylph Labyrinth
21%
Blue Skull
18%
Titan Nose
18%
Magia Dragon
17%
Carbuncle
15%
Dwarf Gear
15%
Naked Mummy
15%
Orochi's Fin
14%
Scarmiglione
14%
Diabolos
13%
Gramlush
13%
Hound Holy
13%
Loups du Sud
13%
Succubus Eye
13%
Dullanhan Head
10%
Fisherman's Prize
9%
Raven Goblin
6%
Chrono Noise
5%
Dark Mirror
5%
Five Bridge Familia
5%
Ghoul Spirits
4%
Red Princess
3%
Circus Night
2%
Abyss Horn
1%
Harupia
1%
Phoenis Grave
1%

Distribution des résultats

Percentile par nombre de réponses

% des personnes avec chaque résultat

Votre développement - résultats

Vous n’avez pas pris ce quiz